Histology (Record no. 468)

MARC details
000 -LEADER
fixed length control field 01076cam a2200301 a 4500
001 - CONTROL NUMBER
control field 1651917
003 - CONTROL NUMBER IDENTIFIER
control field OSt
005 - DATE AND TIME OF LATEST TRANSACTION
control field 20241113164337.0
008 - FIXED-LENGTH DATA ELEMENTS--GENERAL INFORMATION
fixed length control field 970403s1997 mdua 001 0 eng c
010 ## - LIBRARY OF CONGRESS CONTROL NUMBER
LC control number 97008734
020 ## - INTERNATIONAL STANDARD BOOK NUMBER
International Standard Book Number 0683062255
040 ## - CATALOGING SOURCE
Original cataloging agency DNLM/DLC
Transcribing agency DLC
Modifying agency DLC
050 10 - LIBRARY OF CONGRESS CALL NUMBER
Classification number QM553
Item number .H385 1997
060 10 - NATIONAL LIBRARY OF MEDICINE CALL NUMBER
Classification number QS 518.2 H518n 1997
082 00 - DEWEY DECIMAL CLASSIFICATION NUMBER
Classification number QS 504 H518h 1997
Edition number 21
100 1# - MAIN ENTRY--PERSONAL NAME
Personal name Henrikson, Ray C.; Kaye, Gordon I.; Mazurkiewicz, Joseph E.
9 (RLIN) 1245
245 10 - TITLE STATEMENT
Title Histology
260 ## - PUBLICATION, DISTRIBUTION, ETC. (IMPRINT)
Place of publication, distribution, etc. Baltimore;
Name of publisher, distributor, etc. Williams & Wilkins,
Date of publication, distribution, etc. c1997.
300 ## - PHYSICAL DESCRIPTION
Extent xv, 512 p. :
Other physical details ill. ;
Dimensions 26 cm.
440 #4 - SERIES STATEMENT/ADDED ENTRY--TITLE
Title The National medical series for independent study
9 (RLIN) 1246
504 ## - BIBLIOGRAPHY, ETC. NOTE
Bibliography, etc Includes index.
650 #0 - SUBJECT ADDED ENTRY--TOPICAL TERM
Topical term or geographic name as entry element Histology
9 (RLIN) 1247
650 #0 - SUBJECT ADDED ENTRY--TOPICAL TERM
Topical term or geographic name as entry element Histology MCQs
9 (RLIN) 1248
856 42 - ELECTRONIC LOCATION AND ACCESS
Materials specified Publisher description
Uniform Resource Identifier <a href="http://www.loc.gov/catdir/enhancements/fy0712/97008734-d.html">http://www.loc.gov/catdir/enhancements/fy0712/97008734-d.html</a>
906 ## - LOCAL DATA ELEMENT F, LDF (RLIN)
a 7
b cbc
c orignew
d 1
e ocip
f 19
g y-gencatlg
942 ## - ADDED ENTRY ELEMENTS (KOHA)
Source of classification or shelving scheme Other/Generic Classification Scheme
Koha item type Short Loan
Holdings
Withdrawn status Lost status Source of classification or shelving scheme Damaged status Not for loan Home library Current library Date acquired Source of acquisition Inventory number Total Checkouts Full call number Barcode Date last seen Price effective from Koha item type
    Other/Generic Classification Scheme     MUST Main Library MUST Main Library 19/09/2014 Purchase 2001/16533   QS 504 H518h 1997 2014-2862 19/09/2014 19/09/2014 Short Loan